000 00329nam a2200145Ia 4500
008 221117s9999 xx 000 0 und d
082 _bSIN
100 _aSINGH, SHIVRAJ
245 0 _aFUZZY SET THEORY
250 _a2ND
260 _bKRISHNA PRAKASHAN, MEERUT
_c2013
300 _a320
650 _aMathematics
942 _cBK
999 _c214321
_d214321